000 00457nam a2200181Ia 4500
001 9111
005 20260306160659.0
008 260306t2006||||xx |||||||||||||| ||spa||
041 _aESP
082 _a372.7
_bCH516
100 _aChamorro, María del Carmen (Coord.)
_eAUT
245 0 _aDidáctica de las matemáticas para Primaria
260 _c2006
300 _a354 páginas :
_c24 cm.
650 _aGEN
654 _aCED
942 _cLIB
_dJUS
_fJUS
_2ddc
_n
999 _c9111
_d9111